000 00337nam a2200145Ia 4500
008 231217s9999 xx 000 0 und d
041 _aEnglish
082 _a001.6424TUR PAL R
100 _aPalmer, Scott D
245 0 _aTurbo Pascal for Windows
260 _c1992
_bT P
300 _a499
650 _aTurbo Pascal
942 _cAA
999 _c162835
_d162835